| 000 | 01094nam a2200313 a 4500 | ||
|---|---|---|---|
| 005 | 20191224041541.0 | ||
| 008 | 140221b1998 ck ||||| |||| 00| 0 spa d | ||
| 040 |
_aCO-BoIAVH _cCO-BoIAVH |
||
| 041 | _aspa | ||
| 044 | _ack | ||
| 082 |
_a333.709861 _bC82i |
||
| 110 | _bConsejo Regional de Planificación Económica y Social del Occidente colombiano | ||
| 245 | _aInforme sobre el estado de los recursos naturales y del ambiente del occidente | ||
| 260 |
_aPereira _bCorpes de Occidente _c1998 |
||
| 300 |
_a209 páginas _bfotografías a color _c27 x 22 |
||
| 650 | 1 | 6 | _aRecursos Biológicos |
| 650 | 1 | 6 | _aMedio ambiente |
| 650 | 1 | 6 | _aRecursos naturales no renovables |
| 650 | 1 | 6 | _avegetación |
| 650 | 1 | 6 | _aFauna |
| 650 | 1 | 6 | _aecosistemas |
| 650 | 1 | 6 | _aZonas de vida |
| 650 | 1 | 6 | _aRecursos paisajísticos |
| 650 | 1 | 6 | _aImpacto ambiental |
| 650 | 1 | 6 | _aEcoturísmo |
| 650 | 1 | 6 | _aDesarrollo económico |
| 710 | _a^Contralorias Departamentales del occidente colombiano | ||
| 942 |
_cLIBRO _2ddc |
||
| 999 |
_c750 _d750 |
||